| 000 | 00661nas a2200205 a 4500 | ||
|---|---|---|---|
| 999 |
_c16821 _d16821 |
||
| 005 | 20181114205331.0 | ||
| 008 | 910901c198u9999ck ux p r 0 0b0spa d | ||
| 022 | _a0121-0289 | ||
| 040 |
_aCO-BoIAVH _cCO-BoIAVH |
||
| 041 | 0 | _aspa | |
| 044 | _ack | ||
| 090 | _aSE | ||
| 245 | 0 | 0 | _aConif informa. |
| 260 |
_aBogotá (Colombia) : _bCONIF, _c[198-]- . |
||
| 300 |
_bilustraciones ; _c28 cm. |
||
| 650 | 2 | 6 |
_aForestación _z Colombia _vPublicaciones periódicas |
| 650 | 2 | 6 |
_aRecursos forestales _zColombia _vPublicaciones periódicas |
| 710 | 2 | _aCorporación Nacional de Investigación y Fomento Forestal (CONIF) | |
| 942 |
_2z _cREVISTA |
||